000 00356 a2200169 4500
001 186934
020 _a85-322-5182-X
040 _cMagnum
100 _aDumas, Alexandre
240 1 0 _aA tulipa negra
_lpor
245 1 0 _aA tulipa negra
300 _a176
362 0 _a2004
440 1 _aFTD
697 _aLITERATURA JUVENIL ESTRANGEIRA
942 _cBK
999 _c186934
_d186934